Stemmi Squadre di calcio dal dettaglio - Inghilterra - Quiz n°3 - Statistics

Statistiche generali
  • Questo quiz è stato fatto 9 volte
  • Il punteggio medio è 6 su 10
Statistiche sulle risposte
con Immagini Risposta % Corretto
Brighton
100%
Chelsea
100%
Everton
100%
Birmingham City
63%
Middlesbrough
63%
Coventry City
50%
Millwall
50%
Cardiff City
38%
Preston North End
38%
Huddersfield Town
25%
Nessun quiz corrispondente trovato
Distribuzione punteggi
Percentuale di utenti per punteggio
Percentile per numero di risposta
I tuoi punteggi nel tempo
Non hai fatto questo quiz